| 000 | 00556cam a22001457a 4500 | ||
|---|---|---|---|
| 008 | 180718b1989 xxu||||| |||| 00| 0 eng d | ||
| 082 | _aPROJ.REP. 1989/NAR | ||
| 100 | _aNarain, M.K. | ||
| 245 |
_aEvaluation of the centrally-sponsored girls' hostel scheme for scheduled castes and scheduled tribes in Uttar Pradesh and Orissa _cby M.K. Narain |
||
| 260 |
_aNew Delhi _bIndian Institute of Public Administration _c1989 |
||
| 300 | _a155p. | ||
| 440 | _aIIPA Working Paper, 1989: 1 | ||
| 650 | _aWomen - Social conditions | ||
| 650 | _aSocial welfare - India | ||
| 999 |
_c492354 _d492354 |
||